Teaching structural English

Bibliographic Details
Main Author: Pittman, G. A. (Author)
Format: Book
Published: London : Ginn , 1967
Subjects:

MARC

LEADER 00000cam a2200000 7i4500
001 0000025310
005 20021119093000.0
008 021119n
090 0 0 |a PE1128.A2   |b P5 
100 0 |a Pittman, G. A. ,   |e author 
245 0 0 |a Teaching structural English   |c G.A. Pittman 
260 2 |a London :   |b Ginn ,   |c 1967 
300 |a 211 p. ; ;   |c 22 cm. 
650 0 |a English language   |x Study and teaching 
650 0 |a English language   |x Syntax 
999 |a 1000035070   |b Book   |c OPEN SHELF (30 DAYS)   |e Gong Badak Campus 
999 |a 1000035071   |b Book   |c OPEN SHELF (30 DAYS)   |e Gong Badak Campus